[Event "Piestany op-A"]
[Site "Piestany"]
[Date "2023.07.17"]
[Round "7"]
[White "Colbow, Collin"]
[Black "Garban, Mario"]
[Result "1-0"]
[WhiteElo "2429"]
[BlackElo "2152"]
[PlyCount "75"]
[EventDate "2023.07.11"]
[EventType "swiss"]
[EventRounds "9"]
[EventCountry "SVK"]
[SourceTitle "EXT 2024"]
[Source "ChessBase"]
[SourceDate "2023.10.10"]
[SourceVersion "1"]
[SourceVersionDate "2023.10.10"]
[SourceQuality "1"]

1. d4 d6 2. e4 e5 3. Nf3 exd4 4. Nxd4 Nc6 5. Nc3 Nge7 6. Be3 Bd7 7. h4 Nxd4 8. Qxd4 Nc6 9. Qd2 Ne5 10. 0-0-0 h5 11. Bg5 Be7 12. Be2 Bc6 13. Rh3 Qd7 14. Rg3 0-0-0 15. Nd5 Bxd5 16. Qxd5 Bxg5+ 17. Rxg5 g6 18. Qa5 Nc6 19. Qa4 Qe7 20. Rb5 Nb8 21. Qxa7 c6 22. Rb3 Rd7 23. Rd4 Qxh4 24. Rdb4 Qg5+ 25. Kb1 Qc5 26. Qa8 Qxf2 27. a3 b5 28. Bxb5 Ra7 29. Ba6+ Kd7 30. Rb7+ Rxb7 31. Qxb7+ Ke6 32. Bc4+ Ke5 33. Qe7+ Kd4 34. Qxd6+ Kxe4 35. Bd3+ Ke3 36. Qc5+ Kd2 37. Qxf2+ Kd1 38. Qe2# 1-0

[Event "Piestany op-A"]
[Site "Piestany"]
[Date "2023.07.14"]
[Round "4"]
[White "Garban, Mario"]
[Black "Shirinyan, Daniel"]
[Result "1/2-1/2"]
[WhiteElo "2152"]
[BlackElo "2055"]
[PlyCount "58"]
[EventDate "2023.07.11"]
[EventType "swiss"]
[EventRounds "9"]
[EventCountry "SVK"]
[SourceTitle "EXT 2024"]
[Source "ChessBase"]
[SourceDate "2023.10.10"]
[SourceVersion "1"]
[SourceVersionDate "2023.10.10"]
[SourceQuality "1"]

1. e4 c5 2. Nf3 d6 3. c3 Nf6 4. Bd3 Bg4 5. Bc2 Nc6 6. d3 e6 7. Nbd2 Be7 8. h3 Bh5 9. Nf1 d5 10. Ng3 Bg6 11. Nh4 Qc7 12. exd5 Nxd5 13. Nxg6 hxg6 14. Qf3 Rd8 15. Ba4 a6 16. Bxc6+ Qxc6 17. 0-0 0-0 18. Rd1 Rd7 19. d4 Rfd8 20. Ne2 Bf6 21. Be3 Nxe3 22. fxe3 Qxf3 23. gxf3 e5 24. Rd3 exd4 25. cxd4 cxd4 26. Rad1 Re7 27. Nxd4 Bxd4 28. exd4 Rd5 29. Kf2 Kf8 1/2-1/2

[Event "Piestany op-A"]
[Site "Piestany"]
[Date "2023.07.13"]
[Round "3"]
[White "Kulich, Daniel"]
[Black "Garban, Mario"]
[Result "0-1"]
[WhiteElo "1983"]
[BlackElo "2152"]
[PlyCount "142"]
[EventDate "2023.07.11"]
[EventType "swiss"]
[EventRounds "9"]
[EventCountry "SVK"]
[SourceTitle "EXT 2024"]
[Source "ChessBase"]
[SourceDate "2023.10.10"]
[SourceVersion "1"]
[SourceVersionDate "2023.10.10"]
[SourceQuality "1"]

1. e4 e5 2. Nf3 Nc6 3. Bb5 a6 4. Bxc6 dxc6 5. 0-0 Bg4 6. h3 h5 7. c3 Qf6 8. d4 Bxf3 9. Qxf3 exd4 10. Qxf6 Nxf6 11. cxd4 0-0-0 12. e5 Nd5 13. Be3 g6 14. Nc3 Bb4 15. Ne4 Rhe8 16. a3 Be7 17. Nc3 g5 18. g3 g4 19. hxg4 hxg4 20. Nxd5 Rxd5 21. f4 f5 22. Rac1 Rdd8 23. Kg2 Rh8 24. Rh1 Kd7 25. Rxh8 Rxh8 26. Rc3 Ke6 27. Bf2 Kd5 28. Be3 a5 29. Bg1 a4 30. Re3 Ra8 31. Rc3 Ra5 32. Kf1 Rb5 33. Rc2 Rb3 34. Bf2 Rb5 35. Ke2 Ke4 36. Bg1 Ra5 37. Rc4 Ra8 38. Bf2 Kd5 39. Kd3 b5 40. Rc2 Rh8 41. Be3 Rh3 42. Rg2 Rh1 43. Bg1 Bf8 44. Be3 Rf1 45. Rh2 c5 46. dxc5 Rf3 47. Kd2 Rxg3 48. Rh8 Be7 49. Rh7 Ke4 50. Rxe7 Rxe3 51. Rd7 g3 52. e6 g2 53. Rg7 Kxf4 54. Rxg2 Rxe6 55. Kc3 Re4 56. Kd3 Rc4 57. Rg7 Rxc5 58. Kd4 Rc4+ 59. Kd5 c6+ 60. Kd6 Ke4 61. Rc7 f4 62. Rxc6 Rxc6+ 63. Kxc6 f3 64. Kxb5 f2 65. Kxa4 f1Q 66. Ka5 Qc1 67. a4 Qxb2 68. Ka6 Kd5 69. a5 Kc6 70. Ka7 Kc7 71. a6 Qb6+ 0-1

[Event "Piestany op-A"]
[Site "Piestany"]
[Date "2023.07.11"]
[Round "1"]
[White "Klabis, Rokas"]
[Black "Garban, Mario"]
[Result "1-0"]
[WhiteElo "2420"]
[BlackElo "2152"]
[PlyCount "113"]
[EventDate "2023.07.11"]
[EventType "swiss"]
[EventRounds "9"]
[EventCountry "SVK"]
[SourceTitle "EXT 2024"]
[Source "ChessBase"]
[SourceDate "2023.10.10"]
[SourceVersion "1"]
[SourceVersionDate "2023.10.10"]
[SourceQuality "1"]

1. e4 e5 2. Nf3 Nc6 3. Bc4 Bc5 4. d3 Nf6 5. Bg5 h6 6. Bh4 g5 7. Bg3 d6 8. c3 Nh5 9. b4 Bb6 10. a4 a6 11. Nbd2 Qf6 12. Qe2 Ne7 13. Bb3 Ng6 14. Nc4 Ba7 15. Ne3 Nhf4 16. Bxf4 Nxf4 17. Nd5 Nxd5 18. Bxd5 c6 19. Bb3 Bg4 20. Bd1 Bxf3 21. Qxf3 Qxf3 22. Bxf3 h5 23. h4 g4 24. Bd1 d5 25. f3 g3 26. Ke2 Bf2 27. Bb3 d4 28. c4 a5 29. Rhb1 Kd7 30. c5 Rhf8 31. b5 Kc7 32. Bc4 Rab8 33. Rb3 Be3 34. Rab1 Bh6 35. bxc6 bxc6 36. Rxb8 Rxb8 37. Rxb8 Kxb8 38. Bxf7 Bf8 39. f4 exf4 40. Kf3 Be7 41. Kxf4 Bxh4 42. Bxh5 Be7 43. Kxg3 Bxc5 44. Kf4 Kc7 45. Ke5 Kd7 46. g4 Ke7 47. g5 Bb6 48. g6 Kf8 49. Kd6 Kg7 50. e5 Bd8 51. Kd7 Bg5 52. e6 Kf8 53. g7+ Kxg7 54. e7 Bxe7 55. Kxe7 Kh6 56. Be8 c5 57. Bb5 1-0

[Event "SVK-chB op"]
[Site "Bratislava"]
[Date "2023.07.07"]
[Round "7"]
[White "Sturc, Jan"]
[Black "Garban, Mario"]
[Result "1/2-1/2"]
[WhiteElo "1932"]
[BlackElo "2152"]
[PlyCount "114"]
[EventDate "2023.07.01"]
[EventType "swiss"]
[EventRounds "9"]
[EventCountry "SVK"]
[SourceTitle "CBM 215 Extra"]
[Source "ChessBase"]
[SourceDate "2023.09.30"]
[SourceVersion "1"]
[SourceVersionDate "2023.09.30"]
[SourceQuality "1"]

1. d4 d6 2. e4 e5 3. Nf3 Nc6 4. d5 Nb8 5. Be3 f5 6. exf5 Bxf5 7. Qe2 a6 8. Nc3 Be7 9. h3 Nf6 10. g4 Bg6 11. Ng5 Bf7 12. Nxf7 Kxf7 13. g5 Ne8 14. Qf3+ Kg8 15. h4 g6 16. Bh3 Ng7 17. Be6+ Nxe6 18. dxe6 Qe8 19. Nd5 Nc6 20. Nxc7 Qf8 21. Qf7+ Qxf7 22. exf7+ Kxf7 23. Nxa8 Rxa8 24. 0-0-0 Ke6 25. h5 d5 26. c3 b5 27. hxg6 hxg6 28. Rh6 Rg8 29. f4 b4 30. fxe5 bxc3 31. bxc3 Nxe5 32. Kc2 Rf8 33. Re1 Nf3 34. Re2 Kf5 35. Rh7 Bxg5 36. Bxg5 Kxg5 37. Rd7 Rf5 38. Ra7 Rf6 39. Kd3 Kf4 40. Rb7 g5 41. Rb4+ Kg3 42. a4 g4 43. a5 Ng5 44. Rg2+ Kf3 45. Rbxg4 Ne4 46. Rg6 Rf4 47. Ra2 Nc5+ 48. Kd2 Rh4 49. Kc1 Ke4 50. Re2+ Kd3 51. Rd2+ Kxc3 52. Rg3+ Kc4 53. Kb2 Kb5 54. Rxd5 Rb4+ 55. Kc2 Kc6 56. Rh5 Ra4 57. Rg6+ Kb5 1/2-1/2

[Event "SVK-chT2C 2223"]
[Site "Slovakia"]
[Date "2022.11.12"]
[Round "3.1"]
[White "Garban, Mario"]
[Black "Vrana, Frantisek"]
[Result "1/2-1/2"]
[WhiteElo "2109"]
[BlackElo "2214"]
[PlyCount "85"]
[EventDate "2022.10.08"]
[EventType "team-tourn"]
[EventRounds "11"]
[EventCountry "SVK"]
[SourceTitle "EXT 2024"]
[Source "ChessBase"]
[SourceDate "2023.10.10"]
[SourceVersion "1"]
[SourceVersionDate "2023.10.10"]
[SourceQuality "1"]
[WhiteTeam "Dunajov Martin III"]
[BlackTeam "Rajecke Teplice"]
[WhiteTeamCountry "SVK"]
[BlackTeamCountry "SVK"]

1. e4 d5 2. exd5 Qxd5 3. Nc3 Qa5 4. Bc4 Nf6 5. h3 Bf5 6. Nf3 e6 7. Nh4 Qe5+ 8. Be2 Nc6 9. Nxf5 Qxf5 10. Bb5 Bb4 11. Bxc6+ bxc6 12. Qe2 Bxc3 13. dxc3 Qe4 14. Qxe4 Nxe4 15. Be3 a6 16. 0-0-0 Ke7 17. f3 Nd6 18. Bc5 Rhd8 19. Rd4 Ke8 20. Rhd1 Nb7 21. Rxd8+ Rxd8 22. Rxd8+ Kxd8 23. Bf8 g6 24. Kd2 Ke8 25. Ba3 e5 26. c4 Kd7 27. b3 Ke6 28. Kd3 f5 29. g4 Kf6 30. Ke2 Nd8 31. Bc1 Ne6 32. Be3 Ke7 33. a4 Kd6 34. c3 Nc5 35. Bxc5+ Kxc5 36. gxf5 gxf5 37. Kf2 Kd6 38. Kg3 c5 39. a5 c6 40. Kh4 h6 41. Kg3 Kc7 42. b4 Kd6 43. Kh4 1/2-1/2

[Event "SVK-chT1E 2223"]
[Site "Slovakia"]
[Date "2022.11.06"]
[Round "4.3"]
[White "Babjak, Samuel"]
[Black "Garban, Mario"]
[Result "0-1"]
[WhiteElo "1675"]
[BlackElo "2109"]
[PlyCount "78"]
[EventDate "2022.10.15"]
[EventType "team-tourn"]
[EventRounds "11"]
[EventCountry "SVK"]
[SourceTitle "EXT 2024"]
[Source "ChessBase"]
[SourceDate "2023.10.10"]
[SourceVersion "1"]
[SourceVersionDate "2023.10.10"]
[SourceQuality "1"]
[WhiteTeam "Kosice Slavia TU"]
[BlackTeam "Dunajov Martin II"]
[WhiteTeamCountry "SVK"]
[BlackTeamCountry "SVK"]

1. d4 d6 2. e4 e5 3. dxe5 dxe5 4. Qxd8+ Kxd8 5. Nf3 f6 6. Bc4 c6 7. Be3 Nd7 8. Nbd2 Bc5 9. Bxc5 Nxc5 10. 0-0-0 Ke7 11. Rhe1 Nh6 12. h3 Be6 13. Bxe6 Kxe6 14. Nb3 Nxb3+ 15. axb3 Rad8 16. Rxd8 Rxd8 17. Rd1 Nf7 18. Rxd8 Nxd8 19. b4 Kd6 20. c3 Ne6 21. g3 c5 22. bxc5+ Nxc5 23. Kd2 Nxe4+ 24. Ke3 Nc5 25. Nd2 b5 26. b4 Ne6 27. f4 exf4+ 28. gxf4 Kd5 29. h4 f5 30. Kf3 h5 31. Ke3 Nf8 32. Nf3 Kc4 33. Nd4 Ng6 34. Nxf5 Kxc3 35. Nxg7 Nxh4 36. Nxh5 Kxb4 37. Ng7 Kc3 38. f5 b4 39. f6 b3 0-1

[Event "SVK-ch Blitz"]
[Site "Nitra"]
[Date "2022.10.29"]
[Round "7"]
[White "Ambrozi, Peter"]
[Black "Garban, Mario"]
[Result "0-1"]
[WhiteElo "1885"]
[BlackElo "2032"]
[PlyCount "90"]
[EventDate "2022.10.29"]
[EventType "swiss"]
[EventRounds "13"]
[EventCountry "SVK"]
[SourceTitle "EXT 2024"]
[Source "ChessBase"]
[SourceDate "2023.10.10"]
[SourceVersion "1"]
[SourceVersionDate "2023.10.10"]
[SourceQuality "1"]

1. d4 d6 2. Nf3 Nd7 3. g3 g6 4. Bg2 Bg7 5. 0-0 e5 6. c4 Ne7 7. Nc3 0-0 8. b3 exd4 9. Nxd4 c5 10. Ndb5 a6 11. Rb1 axb5 12. Nxb5 Nf5 13. Nxd6 Nxd6 14. Qxd6 Qb6 15. Qxb6 Nxb6 16. Be3 Bd4 17. Bxd4 cxd4 18. a4 Bf5 19. Rbc1 Rab8 20. Rfd1 Rfd8 21. c5 Nd7 22. b4 Ne5 23. h3 h5 24. f4 Nc6 25. b5 Na5 26. c6 bxc6 27. bxc6 Rbc8 28. Rc5 Nb3 29. Rb5 Bc2 30. Re1 Rc7 31. Rb7 Rdc8 32. Bd5 Na5 33. Rxc7 Rxc7 34. Rc1 Bxa4 35. Kf2 Bxc6 36. Bxc6 Rxc6 37. Ra1 Nb3 38. Ra3 Rc3 39. g4 h4 40. Kg2 Nd2 41. Ra4 Rg3+ 42. Kf2 Nb3 43. Rb4 Rxh3 44. g5 Re3 45. Kf1 h3 0-1

[Event "SVK-ch Blitz"]
[Site "Nitra"]
[Date "2022.10.29"]
[Round "3"]
[White "Manik, Mikulas"]
[Black "Garban, Mario"]
[Result "1-0"]
[WhiteElo "2415"]
[BlackElo "2032"]
[PlyCount "79"]
[EventDate "2022.10.29"]
[EventType "swiss"]
[EventRounds "13"]
[EventCountry "SVK"]
[SourceTitle "EXT 2024"]
[Source "ChessBase"]
[SourceDate "2023.10.10"]
[SourceVersion "1"]
[SourceVersionDate "2023.10.10"]
[SourceQuality "1"]

1. e4 e5 2. Nf3 Nc6 3. Bb5 a6 4. Ba4 Nf6 5. 0-0 b5 6. Bb3 Be7 7. d3 d6 8. a4 Bg4 9. c3 0-0 10. Nbd2 d5 11. Re1 dxe4 12. dxe4 Na5 13. Bc2 Nc4 14. Nxc4 bxc4 15. Qxd8 Rfxd8 16. Nxe5 Be6 17. Nc6 Rd7 18. Nxe7+ Rxe7 19. Be3 Rd7 20. f3 Rb8 21. Rab1 c6 22. Bf4 Rbd8 23. h3 Ne8 24. Be3 Nd6 25. Red1 Nb7 26. Rxd7 Rxd7 27. Kf2 Kf8 28. b4 cxb3 29. Bxb3 Na5 30. Bxe6 fxe6 31. Rb6 Nc4 32. Bc5+ Kf7 33. Rxc6 Rd2+ 34. Kg3 Ra2 35. Rxa6 Nb2 36. Bd4 Nxa4 37. Ra7+ Kf8 38. Bxg7+ Kg8 39. Bd4 Nxc3 40. Rg7+ 1-0

[Event "SVK-ch Amateurs"]
[Site "Topolcany"]
[Date "2021.08.07"]
[Round "3"]
[White "Gromovs, Sergejs"]
[Black "Garban, Mario"]
[Result "1-0"]
[WhiteElo "2140"]
[BlackElo "2063"]
[PlyCount "93"]
[EventDate "2021.08.06"]
[EventType "swiss"]
[EventRounds "7"]
[EventCountry "SVK"]
[SourceTitle "EXT 2022"]
[Source "ChessBase"]
[SourceDate "2021.10.06"]
[SourceVersion "1"]
[SourceVersionDate "2021.10.06"]
[SourceQuality "1"]

1. d4 d6 2. Nf3 Bg4 3. Qd3 c6 4. e4 Nd7 5. c4 e5 6. Nc3 Ngf6 7. Be2 Be7 8. Be3 Bh5 9. h3 Bg6 10. d5 cxd5 11. cxd5 b6 12. Nd2 0-0 13. 0-0 Nh5 14. Bxh5 Bxh5 15. b4 Bg5 16. Bxg5 Qxg5 17. Nc4 Qf6 18. Rac1 a6 19. Qe3 Rab8 20. f3 Rfc8 21. Ne2 Qe7 22. Rc3 f6 23. Rfc1 Be8 24. Kh2 b5 25. Na5 Rxc3 26. Qxc3 Nb6 27. Qe3 Nc4 28. Nxc4 bxc4 29. Rxc4 Bb5 30. Rc2 Bxe2 31. Qxe2 Rxb4 32. Qxa6 Rb7 33. a4 Ra7 34. Qc8+ Kf7 35. a5 Qe8 36. Rc7+ Rxc7 37. Qxc7+ Kg6 38. Qxd6 Qa4 39. Qb6 Qa1 40. a6 Qc1 41. Qf2 Kf7 42. a7 Qa3 43. Qb6 Kg6 44. d6 Qc1 45. a8Q Qf4+ 46. Kh1 Qc1+ 47. Qg1 1-0

[Event "SVK-ch Amateur"]
[Site "Topolcany"]
[Date "2020.07.13"]
[Round "7"]
[White "Varga, Marcell1111"]
[Black "Garban, Mario"]
[Result "0-1"]
[WhiteElo "2150"]
[BlackElo "2031"]
[PlyCount "116"]
[EventDate "2020.07.10"]
[EventType "swiss"]
[EventRounds "7"]
[EventCountry "SVK"]
[SourceTitle "EXT 2021"]
[Source "ChessBase"]
[SourceDate "2020.10.23"]
[SourceVersion "1"]
[SourceVersionDate "2020.10.23"]
[SourceQuality "1"]

1. d4 d6 2. c4 e5 3. d5 f5 4. Nc3 Nf6 5. g3 Nbd7 6. Bg2 a5 7. Qc2 Nc5 8. b3 g6 9. Nf3 Bg7 10. Nd2 e4 11. Bb2 0-0 12. f3 exf3 13. Bxf3 Qe7 14. 0-0-0 Bd7 15. a3 Rae8 16. Kb1 f4 17. Ka2 Bf5 18. Qc1 Ng4 19. Rde1 Nf2 20. Rhf1 fxg3 21. hxg3 Nfe4 22. g4 Nxd2 23. Qxd2 Be4 24. g5 Rf5 25. Rg1 Qd8 26. Ref1 Bxf3 27. Rxf3 Rxf3 28. exf3 Qe7 29. Rg2 Qe3 30. f4 Qxd2 31. Rxd2 Bxc3 32. Bxc3 Ne4 33. Rd3 Nxc3+ 34. Rxc3 Re2+ 35. Kb1 b6 36. Rc2 Re3 37. Kb2 Rf3 38. Re2 Rxf4 39. Kc3 Kf7 40. Rh2 Kg7 41. Re2 Rf7 42. b4 axb4+ 43. Kxb4 h6 44. gxh6+ Kxh6 45. Rh2+ Kg5 46. Rg2+ Kf6 47. Rf2+ Ke7 48. Rg2 Rg7 49. Kb5 g5 50. Kc6 Kf6 51. Rf2+ Ke5 52. Rd2 g4 53. c5 dxc5 54. Re2+ Kf4 55. d6 cxd6 56. Kxb6 g3 57. Rd2 g2 58. Rxd6 g1Q 0-1

[Event "SVK-ch Amateur"]
[Site "Topolcany"]
[Date "2020.07.10"]
[Round "2"]
[White "Garban, Mario"]
[Black "Terbe, Zsuzsanna"]
[Result "1/2-1/2"]
[WhiteElo "2031"]
[BlackElo "2192"]
[PlyCount "35"]
[EventDate "2020.07.10"]
[EventType "swiss"]
[EventRounds "7"]
[EventCountry "SVK"]
[SourceTitle "EXT 2021"]
[Source "ChessBase"]
[SourceDate "2020.10.23"]
[SourceVersion "1"]
[SourceVersionDate "2020.10.23"]
[SourceQuality "1"]

1. e4 c5 2. Nf3 Nc6 3. Bc4 e6 4. Qe2 Nge7 5. e5 a6 6. 0-0 b5 7. Bd3 d5 8. exd6 Ng6 9. Be4 Bb7 10. d4 Bxd6 11. d5 Na5 12. dxe6 0-0 13. Bxb7 Nxb7 14. Ng5 f6 15. Nxh7 Re8 16. Qe4 Kxh7 17. Qxb7 Rxe6 18. Qf3 1/2-1/2

[Event "SVK-chT2C 1920"]
[Site "Slovakia"]
[Date "2020.02.16"]
[Round "9.3"]
[White "Gyerpal, Adrian"]
[Black "Garban, Mario"]
[Result "0-1"]
[WhiteElo "2081"]
[BlackElo "2016"]
[PlyCount "146"]
[EventDate "2019.10.26"]
[EventType "team-tourn"]
[EventRounds "11"]
[EventCountry "SVK"]
[SourceTitle "CBM 195 Extra"]
[Source "ChessBase"]
[SourceDate "2020.05.31"]
[SourceVersion "1"]
[SourceVersionDate "2020.05.31"]
[SourceQuality "1"]
[WhiteTeam "Zvolen Slavia"]
[BlackTeam "Banska Bystrica Veza"]
[WhiteTeamCountry "SVK"]
[BlackTeamCountry "SVK"]

1. d4 d6 2. Nf3 Bg4 3. c4 Nd7 4. Nc3 e5 5. g3 Bxf3 6. exf3 exd4 7. Qxd4 Qf6 8. Qe4+ Qe5 9. Be3 Qxe4 10. fxe4 c6 11. Be2 Ngf6 12. 0-0 Be7 13. Rfd1 0-0 14. Rd2 Rfe8 15. Rad1 Bf8 16. f3 a6 17. Kf2 b5 18. cxb5 axb5 19. a3 Ne5 20. h3 Reb8 21. f4 Nc4 22. Bxc4 bxc4 23. e5 dxe5 24. fxe5 Nd5 25. Nxd5 cxd5 26. Bd4 h6 27. Re1 Rb5 28. e6 fxe6 29. Rxe6 Bc5 30. Bxc5 Rxc5 31. Rd6 c3 32. bxc3 Rxc3 33. Ra2 Rf8+ 34. Kg2 Rff3 35. Rxd5 Rxg3+ 36. Kf1 Rcf3+ 37. Ke2 Rxh3 38. a4 Ra3 39. Rxa3 Rxa3 40. a5 Kf7 41. Rb5 Kg6 42. Kf2 h5 43. Kg2 Kh6 44. Kh2 g6 45. Kg2 h4 46. Kh2 g5 47. Rb6+ Kh5 48. a6 Ra2+ 49. Kg1 Ra4 50. Kg2 Kg4 51. Kh2 Ra2+ 52. Kg1 h3 53. Rb4+ Kg3 54. Rb3+ Kh4 55. Rb4+ g4 56. Kh1 Kg3 57. Rb3+ Kf2 58. Kh2 Rxa6 59. Rb2+ Kf3 60. Rb3+ Kf4 61. Rb4+ Kg5 62. Rb5+ Kh4 63. Rb4 Rf6 64. Ra4 Rf2+ 65. Kg1 Re2 66. Rb4 Kg3 67. Rb3+ Kf4 68. Rb4+ Kf3 69. Rb3+ Re3 70. Rb1 g3 71. Ra1 Rd3 72. Rb1 Ke2 73. Rb2+ Rd2 0-1

[Event "SVK-chT2C 1920"]
[Site "Slovakia"]
[Date "2019.12.14"]
[Round "5.4"]
[White "Ambrozi, Peter"]
[Black "Garban, Mario"]
[Result "0-1"]
[WhiteElo "1959"]
[BlackElo "2016"]
[PlyCount "64"]
[EventDate "2019.10.26"]
[EventType "team-tourn"]
[EventRounds "11"]
[EventCountry "SVK"]
[SourceTitle "CBM 194 Extra"]
[Source "ChessBase"]
[SourceDate "2020.03.31"]
[SourceVersion "1"]
[SourceVersionDate "2020.03.31"]
[SourceQuality "1"]
[WhiteTeam "Ruzomberok Montana"]
[BlackTeam "Banska Bystrica Veza"]
[WhiteTeamCountry "SVK"]
[BlackTeamCountry "SVK"]

1. c4 d6 2. d4 e5 3. Nf3 e4 4. Ng5 Nf6 5. Nc3 Bf5 6. h4 h6 7. Nh3 c6 8. Qb3 Qb6 9. Be3 Ng4 10. g3 Nd7 11. Qxb6 Nxb6 12. b3 Nxe3 13. fxe3 d5 14. c5 Nd7 15. Bg2 b5 16. 0-0 g6 17. Rac1 a5 18. Nf4 Be6 19. Nxe6 fxe6 20. Bh3 Ke7 21. Kg2 Nf6 22. Rf2 Bg7 23. Kh2 g5 24. Rcf1 Raf8 25. Bg2 Ng4+ 26. Kg1 Nxf2 27. Rxf2 Rxf2 28. Kxf2 gxh4 29. gxh4 Bf6 30. h5 Bh4+ 31. Kg1 Rf8 32. Nd1 Rf5 0-1

[Event "Levice Toth Memorial"]
[Site "Levice"]
[Date "2019.08.03"]
[Round "5"]
[White "Garban, Mario"]
[Black "Koloditsova, Renata"]
[Result "1-0"]
[WhiteElo "2003"]
[BlackElo "1923"]
[PlyCount "43"]
[EventDate "2019.08.01"]
[EventType "swiss"]
[EventRounds "7"]
[EventCountry "SVK"]
[SourceTitle "EXT 2020"]
[Source "ChessBase"]
[SourceDate "2019.10.17"]
[SourceVersion "1"]
[SourceVersionDate "2019.10.17"]
[SourceQuality "1"]

1. e4 c5 2. Nf3 Nc6 3. Bc4 d6 4. h3 Nf6 5. Qe2 e6 6. d3 Be7 7. c3 0-0 8. Bb3 Qc7 9. 0-0 b5 10. Bf4 Bb7 11. Nbd2 Nd7 12. Rfe1 Bf6 13. Bg5 a5 14. Bxf6 Nxf6 15. d4 Ba6 16. dxc5 dxc5 17. e5 Nd5 18. Qe4 Nde7 19. h4 Rad8 20. h5 Nxe5 21. Qxe5 Qxe5 22. Rxe5 1-0

[Event "SVK-chT2C 1819"]
[Site "Slovakia"]
[Date "2019.03.03"]
[Round "9.3"]
[White "Kopera, Michal"]
[Black "Garban, Mario"]
[Result "1/2-1/2"]
[WhiteElo "2144"]
[BlackElo "2029"]
[PlyCount "101"]
[EventDate "2018.10.13"]
[EventType "team-tourn"]
[EventRounds "11"]
[EventCountry "SVK"]
[SourceTitle "CBM 189 Extra"]
[Source "ChessBase"]
[SourceDate "2019.06.03"]
[SourceVersion "1"]
[SourceVersionDate "2019.06.03"]
[SourceQuality "1"]
[WhiteTeam "Zilina Mladost II"]
[BlackTeam "Banska Bystrica Veza"]
[WhiteTeamCountry "SVK"]
[BlackTeamCountry "SVK"]

1. e4 e5 2. Nf3 Nc6 3. Bc4 Bc5 4. c3 Nf6 5. d3 h6 6. b4 Bd6 7. 0-0 0-0 8. Re1 Ne7 9. Nh4 c5 10. bxc5 Bxc5 11. d4 d5 12. dxc5 dxc4 13. Qa4 Qd3 14. Nd2 Qxc3 15. Rb1 Rd8 16. Nhf3 Nc6 17. Qxc4 Qa5 18. a3 Rb8 19. Rb5 Qc7 20. Qc3 Be6 21. Rb1 Nd4 22. Bb2 Nd7 23. Nxd4 exd4 24. Qxd4 f6 25. Qd6 Qxd6 26. cxd6 Nc5 27. Bd4 Rxd6 28. Bxc5 Rxd2 29. Bxa7 Re8 30. Rxb7 Bd5 31. Rb4 Rxe4 32. Rbxe4 Bxe4 33. Bc5 Bc6 34. Rc1 Ba4 35. g3 Kf7 36. Kg2 Rc2 37. Rxc2 Bxc2 38. Kf3 Ke6 39. Ke3 h5 40. f4 h4 41. gxh4 g6 42. Kd2 Ba4 43. Kc3 Bd1 44. Kb4 f5 45. a4 Kd7 46. Kb5 Kc7 47. Bb6+ Kb7 48. a5 Be2+ 49. Kc5 Ka6 50. Kd6 Bh5 51. Ke5 1/2-1/2